000
00278nam a22001217a 4500
020
_a
0-491-01822-3
082
_a
621.381 JAC'E
100
_a
BASFORD, LESLIE
_9
78376
245
_a
ELECTRONICS MADE SIMPLE
260
_a
LONDON
_b
W. H. ALLEN
_c
1967
300
_a
307P
942
_c
BK
999
_c
583506
_d
583506